| 000 | 00863nam a2200205 i 4500 | ||
|---|---|---|---|
| 001 | 182342 | ||
| 003 | ES-MaACL | ||
| 005 | 20250804062633.0 | ||
| 008 | 130805r19861900sp |||| | spa d | ||
| 080 | _a821.134.2 Pérez Galdós, Benito (082.2) | ||
| 245 | 0 | 0 |
_aEntre canarios _b: homenaje a Benito Pérez Galdós : 9 de diciembre de 1900. |
| 260 |
_a[Las Palmas de Gran Canaria] : _bReal Sociedad Económica de Amigos del País de Gran Canaria, _c1986. |
||
| 300 |
_a62 p. ; _c14 cm. |
||
| 534 |
_pReprod. de la ed. de: _cMadrid : Est. Tip. Viuda e Hijos de Tello, 1900. |
||
| 600 | 1 | 7 |
_aPérez Galdós, Benito, _d1843-1920- _vHomenajes _2 _9169508 |
| 700 | 1 |
_aPérez Galdós, Benito, _d1843-1920 _990871 |
|
| 710 | 2 |
_aSociedad Económica de Amigos del País de las Palmas de Gran Canaria. _9141508 |
|
| 852 |
_aES-MaACL _j2319-F-1 |
||
| 999 |
_c182342 _d182342 |
||